<?xml version="1.0" encoding="UTF-8"?>
<record
    xmlns:xsi="http://www.w3.org/2001/XMLSchema-instance"
    xsi:schemaLocation="http://www.loc.gov/MARC21/slim http://www.loc.gov/standards/marcxml/schema/MARC21slim.xsd"
    xmlns="http://www.loc.gov/MARC21/slim">

  <leader>00331    a2200109   4500</leader>
  <controlfield tag="001">ART_46681</controlfield>
  <controlfield tag="005">20260410162040.0</controlfield>
  <controlfield tag="008">260409a                                 </controlfield>
  <datafield tag="245" ind1="1" ind2="0">
    <subfield code="a">Equidad de g&#xE9;nero del sistema tributario en la Argentina</subfield>
  </datafield>
  <datafield tag="100" ind1="1" ind2=" ">
    <subfield code="a">Rossignolo, Dar&#xED;o</subfield>
  </datafield>
  <datafield tag="773" ind1="0" ind2=" ">
    <subfield code="t">Revista Cepal</subfield>
    <subfield code="g">- N&#xBA; 124 (abr. 2018)</subfield>
    <subfield code="w">REV45125</subfield>
  </datafield>
  <datafield tag="999" ind1=" " ind2=" ">
    <subfield code="c">34760</subfield>
    <subfield code="d">34760</subfield>
  </datafield>
</record>
